000 00758nam a2200241Ia 4500
003 OSt
005 20221007075155.0
006 a|||||r|||| 00| 0
007 ta
008 221006b |||||||| |||| 00| 0 eng d
024 _a3,062
037 _cTextual
040 _aFLL
_cFLL
_beng
041 _2eng
_aeng
082 _aZ2,1227, M3
100 _aHussain S.J. Au.
_9693603
245 0 _aMarriage breakdown and divorce law reform in contemporary society
_b A comparative stydy of U.S.A., U.K. and India
250 _a1st
260 _aNew Delhi
_bConcept Publishing Company India
_c1983
650 _aMarriage breakdown and divorce law
_9693604
942 _hZ2,1227, M3
_cTEXL
_2CC
999 _c1155083
_d1155083